00368 2200157 4500001002100000005001500021035002000036245003600056100002300092300001100115260003800126082000800164084001400172990001200186990001200198INLIS00000000000210620250527100937 a0010-05250003981 aBela Diri /cGugun Arif Gunawan0 aGugun Arif Gunawan a56 hlm aYogyakarta :bInsan Madani,c2007 a700 a700 GUG b a0712996 a0712997